Word Ladder: Southeast Asian City-State Quiz Stats

 Plays Quiz Updated Feb 7, 2018

Score 0/12 Timer 01:30
1 Play Today
Clue 3-Letter Answer % Correct
A small drink from a glassSIP
96.9%
• Lust, gluttony or pride, for example •• SIN •
95.4%
It extends from the shoulder to the wristARM
95.4%
To direct an arrow towards a targetAIM
94.5%
Male sheepRAM
91.3%
Edge of a containerRIM
91%
A segment of a circleARC
91%
• A mineral deposit that can be mined for profit •• ORE •
90%
Circulating fluid of a plantSAP
89.2%
A mythological creature prevalent in Lord of the Rings (and the fantasy genre)ORC
86.9%
• A space between two mountains •• GAP •
86.3%
Slang for a person's legGAM
81.6%

Today's Daily Dose

Word Ladder
Bruno Mars Song

Get the Picture
Japanese Cars

You're not logged in!

Compare scores with friends on all Sporcle quizzes.
OR
Log In

You Might Also Like...

Show Comments

Extras

Top Quizzes Today


Score Distribution

Your Account Isn't Verified!

In order to create a playlist on Sporcle, you need to verify the email address you used during registration. Go to your Sporcle Settings to finish the process.

Report this User

Report this user for behavior that violates our Community Guidelines.

Details: